| 000 | 005020000a22001930004500 | ||
|---|---|---|---|
| 001 | 000238 | ||
| 003 | MACL | ||
| 005 | 20150903133203.0 | ||
| 008 | 150903b xxu||||| |||| 00| 0 eng d | ||
| 040 |
_aMACL _cMACL |
||
| 041 | _aEnglish | ||
| 082 | _a813/NAI | ||
| 100 |
_aNair, Vasudevan M.T _97067 |
||
| 245 |
_aKaalam _bThe Sahitya Akademi Award W̜inning Novel _cVasudevan M.T Nair |
||
| 260 |
_aMumbai _c1999 _bDisha Books, |
||
| 350 | _a125 | ||
| 650 |
_aEnglish Fiction _98886 |
||
| 942 |
_k823 _cBK _2ddc |
||
| 999 |
_c240 _d240 |
||